Dunia kita yang sesak

Bibliographic Details
Main Author: Fisher, Tadd (Author)
Format: Book
Published: Kuala Lumpur : Dewan Bahasa dan Pustaka , 1979
Subjects:

MARC

LEADER 00000cam a2200000 7i4500
001 0000004812
005 20070623093000.0
008 021118s1979
050 0 0 |a HB871   |b .F512 
090 0 0 |a HB871   |b .F5 
100 0 |a Fisher, Tadd ,   |e author 
245 0 0 |a Dunia kita yang sesak   |c Tadd Fisher 
260 2 |a Kuala Lumpur :   |b Dewan Bahasa dan Pustaka ,   |c 1979 
300 |a 125 ms. ; ;   |c 18 sm. 
500 |a Terjemahan: Our over crowded world 
650 0 |a Population 
999 |a 1000004525   |b Book   |c OPEN SHELF (30 DAYS)   |e Gong Badak Campus